000 00486nam a2200169Ia 4500
008 231217s9999 xx 000 0 und d
020 _a981-243-888-2
041 _aEnglish
082 _a658.8 HUT;3 R
100 _aHutt, Michael D. Speh, Thomas W.
245 0 _aBusiness marketing management : B2B
250 _a9th ed.
260 _c2004
_bThomson
_aAustralia
300 _axxx+714
650 _aBusiness,marketing,management,:,strategic,organizational,markets
942 _cAA
999 _c177886
_d177886